nba 2k cover - Statistics

General Stats
  • This quiz has been taken 257 times
  • The average score is 5 of 15
Answer Stats
years star % Correct
2003 allen iverson
72%
2014 lebron james
66%
2017 paul george
55%
2015 kevin durant
52%
2010 kobe bryant
50%
2006 shaquille o'neal
40%
2007 shaquille o'neal
40%
2009 kevin garnett
33%
2008 chris paul
30%
2005 ben wallace
29%
2011 micheal jordan
16%
2012 micheal jordan
15%
2004 micheal jordan
13%
2013 derrick rose kevin durant blake griffin
2%
2016 stephen curry james harden antoney davis
0%
No matching quizzes found
Score Distribution
Percent of People with Each Score
Percentile by Number Answered
Your Score History
You have not taken this quiz